| 000 | 00569nam a2200193Ia 4500 | ||
|---|---|---|---|
| 003 | IN-BaIIA | ||
| 008 | 211028s9999 xx 000 0 eng d | ||
| 020 | _a0-471-03568-8 | ||
| 040 | _cIIA Library | ||
| 080 |
_a681.31 _bINT |
||
| 110 |
_aInter Corporation _912029 |
||
| 245 | 4 |
_aThe 8080/8085 microprocessor book _cInter Corporation |
|
| 260 |
_aNew York _bJohn Wiley & Sons _c1980 |
||
| 300 | _axiii, 603p. | ||
| 650 |
_aMicrocomputers _99969 |
||
| 650 |
_aMicroprocessors _99691 |
||
| 650 | _aNASA thesaurus | ||
| 942 | _cBK | ||
| 999 |
_c7026 _d7026 |
||